000 00887nam a22002657a 4500
001 14284
003 BD-RjUL
005 20211208235613.0
008 140205r19701974bg a|||| |||| 001 0 eng d
035 _a(BD-RjUL)14336
_a(OCoLC)4764870
040 _aBD-RjUL
_beng
_cBD-RjUL
041 _aeng
082 0 4 _a660.28449
_bFAI 1974
245 1 _aFairbrother's Textbook of Bacteriology /
_cR. L. Vollum, D. G. Jamison, C. S. Cummins
250 _a10th ed.
260 _aDacca :
_bOxford University Press,
_c 1974
300 _aviii, 447 p. :
_bill. ;
_c22 cm.
504 _aInclude index.
650 _aMicrobiology.
_944603
700 1 _aVollum, R. L.
_944604
700 1 _aJamison, D. G.
_944605
700 1 _aCummins, C. S.
_944606
856 _3WorldCat
_uhttp://www.worldcat.org/title/fairbrothers-textbook-of-bacteriology/oclc/4764870&referer=brief_results
942 _2ddc
_cBK
_01
999 _c14284
_d14284